000 00501nam a2200217Ia 4500
003 OSt
005 20221005120423.0
006 a|||||r|||| 00| 0
007 ta
008 221004b |||||||| |||| 00| 0 eng d
024 _a120096
037 _cTextual
040 _aCRL
_cCRL
_beng
041 _2eng
_aeng
100 _aSmith Robert Leo
245 0 _aEcology & field biology
260 _c1966
650 _aECOLOGY
942 _cTEXL
_2cc
999 _c1037974
_d1037974